[Event "Titled Tuesday intern op 27th Apr"]
[Site "Chess.com INT"]
[Date "2021.04.27"]
[Round "6"]
[White "Jobava, Baadur"]
[Black "Klimkowski, Jan"]
[Result "1-0"]
[WhiteElo "2603"]
[BlackElo "2296"]
[PlyCount "87"]
[EventDate "2021.04.27"]
[EventType "swiss (blitz)"]
[EventRounds "11"]
[EventCountry "USA"]
[SourceTitle "CBM 202 Extra"]
[Source "ChessBase"]
[SourceDate "2021.07.31"]
[SourceVersion "1"]
[SourceVersionDate "2021.06.30"]
[SourceQuality "1"]

1. e4 c5 2. d4 cxd4 3. c3 dxc3 4. Nxc3 Nc6 5. Nf3 a6 6. Bc4 d6 7. O-O Nf6 8. Qe2 Bg4 9. Rd1 e6 10. Bf4 Qb8 11. h3 Bxf3 12. Qxf3 Ne5 13. Qe2 Be7 14. Bb3 O-O 15. Be3 $146 ({RR} 15. a4 Qc7 16. Rac1 Qb6 17. Ba2 Nfd7 18. Be3 Qa5 19. f4 Nc6 20. f5 Qe5 21. Qf3 Kh8 22. Bf4 Qc5+ 23. Kh1 Qb4 24. fxe6 fxe6 25. Qg3 e5 26. Bg5 Bxg5 27. Qxg5 Nf6 28. Rd3 Nxe4 29. Nxe4 Qxe4 {Al Mahmood,S (1639)-El Jawich,A (2264) Dubai 2018 0-1 (43)}) 15... b5 16. f4 Nc6 17. f5 b4 18. Na4 exf5 19. exf5 Qb7 20. Rac1 Na5 21. Nb6 Nxb3 22. axb3 Rae8 23. Qd3 Bd8 24. Nc4 d5 25. Nd6 Rxe3 26. Nxb7 Rxd3 27. Rxd3 Bb6+ 28. Kf1 Rb8 29. Nd6 Kf8 30. Rc6 a5 31. g4 h6 32. Kg2 Bd8 33. Kf3 Ke7 34. h4 Kd7 35. Ra6 Bc7 36. Nxf7 Rf8 37. Rxf6 gxf6 38. Nxh6 Kd6 39. g5 fxg5 40. hxg5 Bd8 41. Kg4 Ke5 42. Re3+ Kd6 43. Re6+ Kd7 44. g6 1-0

[Event "Titled Tuesday intern op 29th Mar Early"]
[Site "Chess.com INT"]
[Date "2022.03.29"]
[Round "4"]
[White "Sanal, Vahap"]
[Black "Zakhartsov, Vladimir"]
[Result "1-0"]
[WhiteElo "2601"]
[BlackElo "2505"]
[PlyCount "51"]
[EventDate "2022.03.29"]
[EventType "swiss (blitz)"]
[EventRounds "11"]
[EventCountry "USA"]
[SourceTitle "CBM 207 Extra"]
[Source "ChessBase"]
[SourceDate "2022.05.31"]
[SourceVersion "1"]
[SourceVersionDate "2022.05.31"]
[SourceQuality "1"]

1. e4 c5 2. Nc3 Nc6 3. Bb5 g6 4. Bxc6 dxc6 5. d3 Bg7 6. f4 Nf6 7. Nf3 Bg4 8. O-O O-O ({RR} 8... Nd7 9. Qe1 Bxf3 10. Rxf3 Qc7 11. Kh1 O-O-O 12. a3 h6 13. b4 e5 14. f5 g5 15. Be3 Bf8 16. Rb1 cxb4 17. axb4 a6 18. Na4 b5 19. Nc3 Kb7 20. Ne2 Nb6 21. Nc1 Na4 22. Nb3 Be7 23. Bf2 {Travadon,L (2414)-Durarbayli,V (2614) chess.com INT 2025 1-0 (68)}) 9. h3 Bxf3 10. Qxf3 Nd7 11. Kh1 $146 ({RR} 11. Be3 b6 12. Rae1 Qc7 13. e5 Rad8 14. Ne4 Rfe8 15. Kh1 Nf8 16. f5 Qxe5 17. fxg6 fxg6 18. Qf7+ Kh8 19. Bg5 Qd5 20. Bxe7 Qxf7 21. Rxf7 Rc8 22. Nd6 Bxb2 23. Nxc8 Rxc8 24. Rxf8+ Rxf8 25. Bxf8 Bc3 {Kravtsiv,M (2598)-Skytte,R (2332) chess.com INT 2025 1-0 (60)}) 11... a5 12. Bd2 a4 13. Rae1 b5 14. e5 Rc8 15. e6 fxe6 16. Rxe6 Rf6 17. Rfe1 Bf8 18. Qg4 Nb6 19. Ne4 Rf5 20. Rxg6+ hxg6 21. Qxg6+ Kh8 22. Qxf5 Qd5 23. Qg6 Qg8 24. Bc3+ Bg7 25. Ng5 Qh7 26. Qxh7# 1-0

[Event "Titled Tuesday intern op 30th Mar"]
[Site "Chess.com INT"]
[Date "2021.03.30"]
[Round "3"]
[White "Safarli, Eltaj"]
[Black "Kowalczyk, Pawel"]
[Result "1-0"]
[WhiteElo "2598"]
[BlackElo "2357"]
[PlyCount "73"]
[EventDate "2021.03.30"]
[EventType "swiss (blitz)"]
[EventRounds "11"]
[EventCountry "USA"]
[SourceTitle "CBM 201 Extra"]
[Source "ChessBase"]
[SourceDate "2021.05.30"]
[SourceVersion "1"]
[SourceVersionDate "2021.05.30"]
[SourceQuality "1"]

1. e4 c5 2. Nc3 Nc6 3. Bb5 Nf6 4. Bxc6 dxc6 5. d3 g6 6. f4 Bg7 7. Nf3 O-O 8. O-O Bg4 ({RR} 8... b6 9. Qe1 Qc7 10. Qh4 Bg4 11. h3 Bxf3 12. Rxf3 b5 13. Be3 b4 14. Na4 c4 15. e5 Nd5 16. dxc4 Nxe3 17. Rxe3 Qa5 18. b3 f6 19. Rd1 fxe5 20. fxe5 Bxe5 21. Qxe7 Rae8 22. Qc5 Qxc5 23. Nxc5 {Ospina Castro,S (2148)-Smieszek,W (2141) chess.com INT 2025 0-1 (32)}) 9. h3 $146 ({RR} 9. Be3 b6 10. Qe1 Bxf3 11. Rxf3 Ng4 12. Bd2 e6 13. Qg3 f5 14. e5 Rf7 15. h3 Nh6 16. Ne2 Bf8 17. Be3 Rd7 18. Rff1 Rc8 19. Kh1 Be7 20. Ng1 Nf7 21. Nf3 Rcc7 22. Rf2 Rd5 23. Rd2 Qc8 {Vaysberg,A (2058)-Spieker,M (1985) Oeffingen 2013 1-0 (72)}) 9... Bxf3 10. Qxf3 e6 11. Be3 b6 12. Rad1 Qc7 13. e5 Nd5 14. Ne4 Rad8 15. Bf2 Qb7 16. Bh4 Rd7 17. c4 Ne7 18. Nf6+ Bxf6 19. Bxf6 h6 20. Qf2 Kh7 21. d4 cxd4 22. Rxd4 c5 23. Rd2 Rfd8 24. Rfd1 Rxd2 25. Rxd2 Rxd2 26. Qxd2 Nc6 27. Qd6 Qc8 28. a3 a5 29. Kh2 Kg8 30. g4 a4 31. Qd1 Qa8 32. Qf3 Qb7 33. f5 exf5 34. gxf5 Qd7 35. Qd5 Qxd5 36. cxd5 Nd4 37. d6 1-0

[Event "Wch Blitz 9th"]
[Site "Berlin"]
[Date "2015.10.14"]
[Round "12"]
[White "Bachmann, Axel"]
[Black "Hausrath, Daniel"]
[Result "1-0"]
[WhiteElo "2593"]
[BlackElo "2503"]
[PlyCount "113"]
[EventDate "2015.10.13"]
[EventType "swiss (blitz)"]
[EventRounds "21"]
[EventCountry "GER"]
[SourceTitle "CBM 168 Extra"]
[Source "ChessBase"]
[SourceDate "2015.10.29"]
[SourceVersion "1"]
[SourceVersionDate "2015.10.29"]
[SourceQuality "1"]

1. e4 c5 2. Nc3 Nc6 3. Bb5 Nf6 4. Bxc6 dxc6 5. d3 g6 6. f4 Bg7 7. Nf3 O-O 8. O-O b5 $146 ({RR} 8... Bg4 9. h3 Bxf3 10. Qxf3 e6 11. Be3 b6 12. Rad1 Qc7 13. e5 Nd5 14. Ne4 Rad8 15. Bf2 Qb7 16. Bh4 Rd7 17. c4 Ne7 18. Nf6+ Bxf6 19. Bxf6 h6 20. Qf2 Kh7 21. d4 cxd4 22. Rxd4 c5 23. Rd2 {Safarli,E (2598)-Kowalczyk,P (2357) Chess.com INT 2021 1-0 (37)}) ({RR} 8... b6 9. Qe1 Qc7 10. Qh4 Bg4 11. h3 Bxf3 12. Rxf3 b5 13. Be3 b4 14. Na4 c4 15. e5 Nd5 16. dxc4 Nxe3 17. Rxe3 Qa5 18. b3 f6 19. Rd1 fxe5 20. fxe5 Bxe5 21. Qxe7 Rae8 22. Qc5 Qxc5 23. Nxc5 {Ospina Castro,S (2148)-Smieszek,W (2141) chess.com INT 2025 0-1 (32)}) ({RR} 8... Ng4 9. e5 Nh6 10. Ne4 Bg4 11. Qe1 c4 12. Be3 cxd3 13. Rd1 Qc7 14. Rxd3 Bf5 15. Bd4 c5 16. Bc3 Qc6 17. Re3 Ng4 18. Re2 b5 19. b3 b4 20. Ba1 Bc8 21. Ned2 Bh6 22. h3 Bxf4 23. hxg4 {Weber,E (1863)-Martins,A (1596) Concordia 2019 1-0 (53)}) 9. Be3 c4 10. dxc4 b4 11. Na4 Nxe4 12. Qe1 Qa5 13. Bd4 Qxa4 14. Bxg7 Kxg7 15. Qxe4 Bf5 16. Qe5+ f6 17. Qxe7+ Rf7 18. Qe3 Qxc2 19. b3 Rd8 20. Nd4 Qc3 21. Qxc3 bxc3 22. Nxf5+ gxf5 23. Rac1 Rd2 24. Rxc3 Rxa2 25. Rd1 Re7 26. h3 h5 27. h4 a5 28. Rd8 Ree2 29. Rg3+ Kf7 30. Rh8 Ra3 31. Rxh5 a4 32. Rh7+ Ke6 33. Rgg7 Kd6 34. bxa4 Rxa4 35. Rh6 Re6 36. Rf7 Rxc4 37. Rfxf6 Rxf6 38. Rxf6+ Kd5 39. Rxf5+ Ke4 40. Rf8 c5 41. h5 Ra4 42. h6 Ra7 43. Kf2 c4 44. g4 c3 45. g5 Rc7 46. g6 c2 47. Re8+ Kxf4 48. Re1 c1=Q 49. Rxc1 Rxc1 50. h7 Rc2+ 51. Ke1 Rh2 52. g7 Rxh7 53. g8=Q Rh3 54. Qf7+ Kg5 55. Kf2 Rh6 56. Kg3 Rg6 57. Qf4+ 1-0

[Event "Titled Tuesday intern op 12th Oct"]
[Site "Chess.com INT"]
[Date "2021.10.12"]
[Round "3"]
[White "Jobava, Baadur"]
[Black "Suarez Uriel, Adrian"]
[Result "1-0"]
[WhiteElo "2582"]
[BlackElo "2343"]
[PlyCount "63"]
[EventDate "2021.10.12"]
[EventType "swiss (blitz)"]
[EventRounds "11"]
[EventCountry "USA"]
[SourceTitle "EXT 2023"]
[Source "ChessBase"]
[SourceDate "2022.10.05"]
[SourceVersion "1"]
[SourceVersionDate "2022.10.05"]
[SourceQuality "1"]

1. e4 c5 2. d4 cxd4 3. c3 dxc3 4. Nxc3 Nc6 5. Nf3 e6 6. Bc4 d6 7. O-O Nf6 8. Qe2 Be7 9. Rd1 e5 10. h3 O-O 11. Bg5 Be6 12. Rd2 Rc8 13. Bb3 ({RR} 13. Bxe6 fxe6 14. Rad1 a6 15. Qe3 h6 16. Bh4 b5 17. a3 Qe8 18. Qb6 Nd7 19. Qxa6 Bxh4 20. Nxh4 Nd4 21. Qxd6 Rc6 22. Rxd4 Rxd6 23. Rxd6 Nc5 24. Nf3 Qh5 25. b4 Nb3 26. R1d3 Kh7 27. Rxe6 Nd4 {Schmidt,H (2351)-Sokolin,L (2482) Chess.com INT 2021 0-1 (32)}) 13... Na5 $146 ({RR} 13... a6 14. Rad1 Qc7 15. Nd5 Bxd5 16. exd5 Na5 17. Nxe5 Nxb3 18. axb3 Rfe8 19. Qf3 dxe5 20. d6 e4 21. Qg3 Bxd6 22. Rxd6 Re6 23. Rc1 Qxc1+ 24. Bxc1 Rxc1+ 25. Kh2 Rc8 26. Rxe6 fxe6 27. Qd6 Kf7 28. Qb6 {Fulgenzi,E (2335)-Anelli,A (2295) Villa Ballester 1991 1-0 (51)}) ({RR} 13... Qb6 14. Bxf6 Bxf6 15. Bxe6 fxe6 16. Rxd6 Rce8 17. Rad1 a6 18. Qc4 Qxb2 19. Rxe6 Rxe6 20. Qxe6+ Kh8 21. Nd5 Bh4 22. Ne3 Bxf2+ 23. Kh1 Bxe3 24. Nh4 Nd4 25. Qe7 Rg8 26. Re1 Bf2 27. Nf5 Nxf5 28. exf5 {Gonzalez Castillo,J (2182)-Flores,N (1967) chess.com INT 2024 ½-½ (35)}) 14. Bxe6 fxe6 15. Nxe5 Qb6 16. Bxf6 Bxf6 17. Nd7 Qc7 18. Nxf8 Rxf8 19. Nb5 Qc5 20. Nxd6 Bd4 21. Qg4 Qxd6 22. e5 Qxe5 23. Qxd4 Qf5 24. Re1 Nc6 25. Qe4 Qa5 26. Qxe6+ Kh8 27. Qd5 Qb4 28. Qd6 Qxd6 29. Rxd6 h6 30. Rd7 Na5 31. b4 Nc4 32. Ree7 1-0

[Event "Titled Tuesday intern op 14th Sept"]
[Site "Chess.com INT"]
[Date "2021.09.14"]
[Round "10"]
[White "Jobava, Baadur"]
[Black "Kezin, Roman"]
[Result "1-0"]
[WhiteElo "2582"]
[BlackElo "2492"]
[PlyCount "73"]
[EventDate "2021.09.14"]
[EventType "swiss (blitz)"]
[EventRounds "11"]
[EventCountry "USA"]
[SourceTitle "EXT 2022"]
[Source "ChessBase"]
[SourceDate "2021.10.06"]
[SourceVersion "1"]
[SourceVersionDate "2021.10.06"]
[SourceQuality "1"]

1. e4 c5 2. d4 cxd4 3. c3 dxc3 4. Nxc3 Nc6 5. Nf3 e6 6. Bc4 a6 7. O-O Nge7 8. Re1 Ng6 9. e5 ({RR} 9. Nd5 d6 10. Bg5 f6 11. Bd2 exd5 12. exd5+ Nce5 13. Nd4 Be7 14. Bb3 O-O 15. f4 Nd3 16. Rf1 f5 17. Bc3 Nc5 18. Bc2 Ne4 19. Bxe4 fxe4 20. f5 Ne5 21. Qe2 Bf6 22. Qxe4 Bd7 23. Rae1 Rc8 {Chekhov,S (2463)-Kezin,R (2471) Sochi 2018 0-1 (32)}) ({RR} 9. Qe2 b5 10. Bb3 Bb7 11. Bg5 Be7 12. Bxe7 Qxe7 13. Rad1 O-O 14. e5 f6 15. exf6 Rxf6 16. Ne4 Rf4 17. Nd6 Rb8 18. g3 Rf6 19. h4 Na5 20. Nxb7 Nxb3 21. Nd6 Na5 22. h5 Nf8 23. Ng5 Nc4 {Jodar Arias,M (2206)-Chiang,J (2032) chess.com INT 2025 0-1 (32)}) 9... Be7 10. g3 $146 ({RR} 10. Qe2 O-O 11. b3 b5 12. Bd3 Bb7 13. Bb2 Nf4 14. Qe4 Nxd3 15. Qxd3 Rc8 16. Rad1 Rc7 17. a3 Qc8 18. Ne4 f5 19. Nd6 Qb8 20. Rc1 Nd8 21. Rxc7 Qxc7 22. Rc1 Qb8 23. b4 Bxd6 24. exd6 Bxf3 {Smietanska,W (1934)-Blanco Gramajo,C (2065) Chess.com INT 2021 0-1 (52)}) 10... O-O 11. h4 f6 12. exf6 Bxf6 13. Bg5 h6 14. Qd3 Nce5 15. Nxe5 Nxe5 16. Rxe5 hxg5 17. Rae1 Bxe5 18. Rxe5 Qf6 19. f4 gxf4 20. Rh5 fxg3 21. Qh7+ Kf7 22. Rf5 d5 23. Rxf6+ Kxf6 24. Bd3 Bd7 25. Qg6+ Ke7 26. Qxg7+ Kd6 27. Qxg3+ e5 28. h5 Rf4 29. Be2 d4 30. Qg6+ Be6 31. Ne4+ Kd5 32. Nf6+ Kd6 33. h6 Rf8 34. h7 Rh4 35. Ne4+ Kd5 36. Ng5 Bf5 37. Qg8+ 1-0

[Event "Titled Tuesday intern op 28th Sept"]
[Site "Chess.com INT"]
[Date "2021.09.28"]
[Round "7"]
[White "Jobava, Baadur"]
[Black "Omariev, Maksim"]
[Result "1-0"]
[WhiteElo "2582"]
[BlackElo "2304"]
[PlyCount "29"]
[EventDate "2021.09.28"]
[EventType "swiss (blitz)"]
[EventRounds "11"]
[EventCountry "USA"]
[SourceTitle "CBM 204 Extra"]
[Source "ChessBase"]
[SourceDate "2022.09.12"]
[SourceVersion "1"]
[SourceVersionDate "2022.09.12"]
[SourceQuality "1"]

1. e4 c5 2. d4 cxd4 3. c3 dxc3 4. Nxc3 Nc6 5. Nf3 e6 6. Bc4 a6 7. O-O Nge7 8. Bg5 f6 9. Be3 Ng6 10. Qe2 b5 11. Bb3 Be7 ({RR} 11... Bd6 12. Rfd1 Qe7 13. Rac1 Bf4 14. Bxf4 Nxf4 15. Qe3 Ng6 16. Nd4 Nxd4 17. Qxd4 Ne5 18. Nd5 exd5 19. Bxd5 Nc6 20. Rxc6 dxc6 21. Bxc6+ Kf7 22. Bxa8 Be6 23. Bd5 Re8 24. h3 Bxd5 25. Qxd5+ Qe6 26. f3 {Miralles,G (2504)-Marcelin,C (2481) Besancon 2006 ½-½ (61)}) 12. Rfd1 Qc7 13. Rac1 O-O $146 ({RR} 13... Qb8 14. g3 O-O 15. h4 Nge5 16. Nxe5 fxe5 17. Nd5 Bd8 18. Bc5 Rf7 19. Ne3 Bb6 20. Nf5 Bxc5 21. Rxc5 Nd4 22. Nxd4 exd4 23. Qh5 Qd6 24. Rf5 g6 25. Rg5 Bb7 26. Qe2 Raf8 27. h5 Rxf2 28. Qg4 {Sunyasakta,S (1828)-Harini,S (2052) Mapusa 2014 0-1 (33)}) 14. Nd5 e5 15. Nxc7+ 1-0

[Event "Ankara Angora"]
[Site "Ankara"]
[Date "2009.12.17"]
[Round "8"]
[White "Radulski, Julian"]
[Black "Can, Emre"]
[Result "1-0"]
[WhiteElo "2580"]
[BlackElo "2471"]
[PlyCount "63"]
[EventDate "2009.12.14"]
[EventType "schev"]
[EventRounds "10"]
[EventCountry "TUR"]
[SourceTitle "EXT 2011"]
[Source "ChessBase"]
[SourceDate "2010.11.26"]
[SourceVersion "1"]
[SourceVersionDate "2010.11.26"]
[SourceQuality "1"]

1. e4 c5 2. d4 cxd4 3. c3 dxc3 4. Nxc3 Nc6 5. Nf3 e6 6. Bc4 Qc7 7. Qe2 Nf6 8. O-O Ng4 9. Nb5 Qb8 10. h3 h5 11. e5 ({RR} 11. g3 a6 12. Bf4 e5 13. Ng5 axb5 14. Bxf7+ Kd8 15. hxg4 exf4 16. Rad1 Kc7 17. gxf4 hxg4 18. e5 Ra4 19. e6 dxe6 20. Bxe6 Kb6 21. Nf7 Qxf4 22. Nxh8 Re4 23. Ng6 Rxe2 24. Nxf4 Rxe6 25. Nxe6 Bxe6 {Danchevski,O (2427)-Vasovski,N (2367) Struga 2005 ½-½}) ({RR} 11. Bd5 Bc5 12. b4 Nd4 13. Nbxd4 Bxd4 14. Rb1 Bf6 15. b5 exd5 16. exd5+ Ne5 17. Bb2 O-O 18. Nxe5 Re8 19. f4 d6 20. Rbe1 Qc7 21. Qxh5 dxe5 22. fxe5 g6 23. Qf3 Bg7 24. Kh1 Bf5 25. g4 Bc8 {Titze,L (2229)-Campos Gomez,M (2307) Spilimbergo ITA 2023 0-1 (31)}) 11... a6 12. Nd6+ $146 ({RR} 12. hxg4 axb5 13. Bxb5 hxg4 14. Ng5 Nxe5 15. g3 b6 16. Bf4 Qb7 17. f3 Bc5+ 18. Kg2 gxf3+ 19. Nxf3 Nxf3 20. Rxf3 Qd5 21. g4 Bb7 22. Rd1 Qxf3+ 23. Qxf3 Bxf3+ 24. Kxf3 Ra7 25. a3 Rh3+ 26. Kg2 Rb3 {Mohacsi,I (2156)-Sallai,J Hungary 1999 0-1}) ({RR} 12. Nbd4 Ngxe5 13. Nxe5 Qxe5 14. Nxc6 Qxe2 15. Bxe2 dxc6 16. b3 e5 17. Bb2 f6 18. Rfe1 Bb4 19. Red1 Be6 20. Rd3 Rd8 21. Rad1 Rxd3 22. Rxd3 h4 23. a3 Be7 24. Rf3 O-O 25. b4 Rd8 26. Bc3 Bd5 {Diaz Mino,D (1769)-Lutz,J (1960) Caleta 2019 ½-½ (56)}) 12... Bxd6 13. exd6 Qxd6 14. Rd1 Qc7 15. b3 b5 16. Bd5 Nf6 17. Ba3 Bb7 18. Rac1 Qf4 19. Bxc6 Bxc6 20. Bd6 Qe4 21. Qb2 Qg6 22. Nh4 Qg5 23. Qd4 Nd5 24. Nf3 Qf6 25. Qc5 Qd8 26. Rxd5 Bxd5 27. Qxd5 f6 28. Qb7 h4 29. Rc7 Rh5 30. Nd4 Rb8 31. Qe4 Kf7 32. Qxe6+ 1-0

[Event "POR-chT"]
[Site "Porto"]
[Date "2016.08.20"]
[Round "9.5"]
[White "Berg, Emanuel"]
[Black "Luch, Michal"]
[Result "1-0"]
[WhiteElo "2579"]
[BlackElo "2448"]
[Annotator "Berg,Emanuel"]
[PlyCount "41"]
[EventDate "2016.08.14"]
[EventType "team-tourn"]
[EventRounds "9"]
[EventCountry "POR"]
[SourceTitle "CBM 174"]
[Source "ChessBase"]
[SourceDate "2016.09.13"]
[SourceVersion "1"]
[SourceVersionDate "2016.09.13"]
[SourceQuality "1"]
[WhiteTeam "Mata de Benfica"]
[BlackTeam "Coimbra"]
[WhiteTeamCountry "POR"]
[BlackTeamCountry "POR"]

1. e4 c5 2. d4 $1 {I used to play this move as a very young junior. However at some point I stopped and went on playing more "proper chess". Perhaps one contributing reason was that one often heard that this gambit should be unsound or even refuted. However after having studied some new ideas by Marc Esserman I've started to play it a bit now and then since 2013 mostly with successful results. When playing it against an unprepared opponent the Morra can be a real challenge.} cxd4 3. c3 dxc3 {After some thought my opponent decided to go for it.} 4. Nxc3 e6 5. Nf3 a6 {This is a quite a popular setup for Black. This avoids all the immediate tactics connected with Nb5 and Bxf7+ ideas.} 6. Bc4 b5 7. Bb3 Bb7 8. O-O Ne7 {A rare guest in this position although a common idea in connection with ...Nbc6.} ({The most straightforward is ofcourse} 8... b4 {which immediately forces White to make up his mind. Playing a gambit the obvious continuation is} 9. Nd5 $1 {as is both analysed and played by Esserman. If Black accepts the piece sacrifice White will achieve suitable counterplay due to better development and attacking play towards Black's king.}) (8... Nc6 {transposes to: ½-½ (93) Berg,E (2549)-Khairullin,I (2651) Minsk 2014 CBM 159 [Berg,E]}) ({RR} 8... b4 9. Na4 Bxe4 10. Re1 Nf6 11. Be3 Nc6 12. Nd2 Bd5 13. Nb6 Bxb3 14. axb3 Rb8 15. Rxa6 Be7 16. Qc2 O-O 17. Nxd7 Nxd7 18. Qxc6 Ne5 19. Qe4 Nd3 20. Rea1 Bf6 21. Nc4 Qd5 22. Qxd5 exd5 23. Nb6 {Pliester,L (2370)-Van der Wiel,J (2530) Ostend 1983 0-1}) 9. Bg5 f6 $146 {Unpinning the knight on e7 but also creating soem weaknesses in Black's camp.} ({Earlier games had seen} 9... h6) (9... Nbc6 {and}) (9... b4) ({RR} 9... h6 10. Bh4 g5 11. Bg3 Bg7 12. Be5 Bxe5 13. Nxe5 Nbc6 14. Ng4 Ng6 15. Qd6 h5 16. Nd5 hxg4 17. Nc7+ Qxc7 18. Qxc7 Ke7 19. Qxb7 Nf4 20. Rfd1 Ne2+ 21. Kf1 Ncd4 22. Qc7 Rac8 23. Qe5 f6 24. Qxd4 {Ivannikov,M (2184)-Tikhonov,V (2183) chess.com INT 2025 1-0 (42)}) 10. Be3 Ng6 (10... Nbc6 {would transpose back to a familiar line.}) 11. a4 $146 {A positional move which gives White a better pawn structure before entering the tactical complications.} ({RR} 11. Nd4 Nc6 12. Rc1 Nxd4 13. Qxd4 Rc8 14. Qa7 Bc6 15. Rfd1 Ra8 16. Qd4 Be7 17. f4 a5 18. a4 b4 19. Nd5 Bxd5 20. exd5 Ra6 21. dxe6 dxe6 22. Qxd8+ Bxd8 23. Rc8 Ke7 24. Bc5+ Kf7 25. Rd7+ {1-0 (25) De Vleeschauwer,M (2272)-Morard,A (1722) Belgium BEL 2024}) ({RR} 11. Nd4 Nc6 12. Rc1 Nxd4 13. Qxd4 Rc8 14. Qa7 Bc6 15. Rfd1 Ra8 16. Qd4 Be7 17. f4 a5 18. a4 b4 19. Nd5 Bxd5 20. exd5 Ra6 21. dxe6 dxe6 22. Qxd8+ Bxd8 23. Rc8 Ke7 24. Bc5+ Kf7 25. Rd7+ {1-0 (25) De Vleeschauwer,M (2272)-Morard,A (1722) Belgium BEL 2024}) 11... b4 {An important point with Black's pawn locked on b4 is that it will now hinder it's own bishop on f8 to go there.} 12. Nd5 {White sacrifices a knight in order to open the e-file. But more imortantly he will restrict the development of Black's queenside since his pawn arriving on d5 will stop Black from playing ...Nc6.} exd5 13. exd5 {Now d6 is a serious threat.} Bd6 (13... d6 14. Nd4 $36 {gives a hole for the knight on e6}) 14. Nd4 {White is a full piece down but can play on calmly just improving his position step by step. Now f5 is a serious threat which will bring attacking chances and also take away the important blackade on d6 from black.} Ne7 $2 {A natural reply in order to prevent Nf5. However it appears it is far too passive as the game will show.} (14... O-O {was the move to be played. Following} 15. Nf5 Be5 {White indeed has a lot of activity but Black is close to finish his development and is still a piece up. White has many interesting continuations but the best seems to be} 16. Qd2 $1 {preparing f4 which will win back the piece while still having some initiative. After} d6 17. f4 $44 {White's compensation is obvious. At the same time Black is very much into the game.}) 15. Re1 $1 {A strong move which surpricingly prevents the castle for Black.} Kf8 {Black tries to hold on to the material but this only makes things worse for him.} (15... O-O {would run into} 16. Nc6 $1 {winning back material, e.g.} Bxc6 (16... Qe8 17. Nxe7+ Qxe7 18. Bf4 Qxe1+ 19. Qxe1 Bxf4 20. Qxb4 $18 {[%csl Rb7,Rf4] wins for White.}) 17. dxc6+ Kh8 18. Qxd6 Nbxc6 19. Bc5 $16 {with a crushing position for White.}) 16. Qd2 $1 {Preparing for the simple f4 which is very hard for Black to deal with.} ({My first intention was to play the positional} 16. a5 $5 {which also keeps White on top. However after some thought I concluded that the text was even stronger.}) 16... Qa5 {This leads to a pretty forced win for White. Although Black had somewhat better options there was nothing that would save him in the long run.} 17. Bf4 Qc7 18. Rxe7 (18. Bxd6 Qxd6 19. Rxe7 $1 Qxe7 20. Re1 $18 {would also win for White.}) 18... Bxf4 19. Qe2 Bxh2+ 20. Kh1 Be5 21. Ne6+ $1 {Since there was no forced checkmate in view I went for the queen. Black resigned in view of the huge material loss he would land into.} 1-0

[Event "EU-ch blitz 29th"]
[Site "Warsaw"]
[Date "2010.12.17"]
[Round "6"]
[White "Jones, Gawain C B"]
[Black "Rublevsky, Sergei"]
[Result "1-0"]
[WhiteElo "2575"]
[BlackElo "2678"]
[PlyCount "71"]
[EventDate "2010.12.17"]
[EventType "swiss (blitz)"]
[EventRounds "13"]
[EventCountry "POL"]
[SourceTitle "CBM 139 Extra"]
[Source "ChessBase"]
[SourceDate "2011.01.05"]
[SourceVersion "1"]
[SourceVersionDate "2011.01.05"]
[SourceQuality "1"]

1. e4 c5 2. Nc3 e6 3. f4 d5 4. Nf3 dxe4 5. Nxe4 Nd7 ({RR} 5... Bd7 6. Bc4 Bc6 7. Qe2 Nd7 8. Neg5 Nh6 9. f5 Bxf3 10. Nxf3 Nxf5 11. O-O Bd6 12. c3 O-O 13. d3 Nb6 14. Bb3 Nd5 15. Ng5 Qd7 16. Rxf5 exf5 17. Bxd5 Bxh2+ 18. Kxh2 Qxd5 19. Qf3 Rad8 20. Bf4 {Nakamura,H (2794)-Firouzja,A (2737) chess.com INT 2024 0-1 (41)}) 6. g3 Ngf6 7. Nxf6+ Nxf6 8. b3 $146 ({RR} 8. Bg2 Be7 9. O-O O-O 10. b3 b6 11. Bb2 Bb7 12. Qe2 Qc7 13. Rae1 Rfe8 14. d3 Nd5 15. Ne5 Bf6 16. g4 Bh4 17. Rd1 f6 18. c4 Nxf4 19. Rxf4 Bxg2 20. Kxg2 fxe5 21. Bxe5 Qc6+ {½-½ (21) Prieur,E (2163)-Pulkkinen,K (2263) Finland 2011}) ({RR} 8. Bg2 Be7 9. O-O O-O 10. b3 Qc7 11. Bb2 Nd7 12. Ne5 Nxe5 13. Bxe5 Bd6 14. Bb2 Bd7 15. Qg4 f6 16. Rae1 Rae8 17. Qh5 Bc6 18. Bh3 Qf7 19. Qe2 e5 20. fxe5 Bxe5 21. Bxe5 Qd5 22. Bg2 Qxg2+ {Korkmaz,N (2059)-Watanabe,A (2284) chess.com INT 2025 0-1 (66)}) ({RR} 8. Bg2 Be7 9. O-O O-O 10. b3 Qc7 11. Bb2 b6 12. Ne5 Bb7 13. Ng4 Bxg2 14. Kxg2 Qd8 15. Nxf6+ Bxf6 16. Bxf6 Qxf6 17. d3 Rad8 18. Qf3 Rd5 19. a4 Rfd8 20. Rae1 h5 21. Re2 g6 22. Rfe1 Kg7 {Janaszak,D (2308)-Grigoriants,S (2543) chess.com INT 2024 ½-½ (44)}) 8... Bd7 9. Ne5 Bc6 10. Nxc6 Qd5 11. Ne5 Qxh1 12. Nf3 h5 13. Qe2 h4 14. g4 O-O-O 15. Bb2 Nd5 16. O-O-O Nxf4 17. Qe4 Bd6 18. Ba6 Qxd1+ 19. Kxd1 bxa6 20. Bxg7 Rhg8 21. Bf6 Rd7 22. Qc6+ Bc7 23. Ne5 Rd6 24. Qa8+ Bb8 25. Nc6 Kc7 26. Be5 Ng6 27. Bxd6+ Kxd6 28. Nxb8 Rh8 29. Qc6+ Ke5 30. Nd7+ Kf4 31. Qxc5 h3 32. Qd4+ Kg5 33. Ne5 Rg8 34. Nxf7+ Kh4 35. Qf6+ Kxg4 36. Nh6+ 1-0